Państwa Unii Europejskiej - nagła śmierć (3 życia) - Statystyki

Ogólne statystyki
  • Ten quiz został rozwiązany 49 razy
  • Średni wynik to 23 z 27
Answers on the Grid
Answers color-coded by a green-red scale on the quiz's grid according to % correct below.
Austria
Belgia
Białoruś
Bośnia i Hercegowina
Bułgaria
Chorwacja
Cypr
Czarnogóra
Czechy
Dania
Estonia
Finlandia
Francja
Grecja
Hiszpania
Holandia
Irlandia
Islandia
Litwa
Łotwa
Luksemburg
Malta
Mołdawia
Monako
Niemcy
Norwegia
Polska
Portugalia
Rosja
Rumunia
San Marino
Serbia
Słowacja
Słowenia
Szwajcaria
Szwecja
Ukraina
Węgry
Wielka Brytania
Włochy
 
Statystyki odpowiedzi
Odpowiedź % Poprawnych
Holandia
100%
Belgia
98%
Francja
98%
Dania
95%
Hiszpania
95%
Niemcy
95%
Grecja
93%
Litwa
93%
Austria
91%
Chorwacja
91%
Portugalia
91%
Czechy
89%
Estonia
86%
Łotwa
86%
Irlandia
84%
Luksemburg
84%
Polska
84%
Bułgaria
82%
Słowenia
82%
Malta
80%
Słowacja
80%
Finlandia
77%
Włochy
77%
Cypr
75%
Węgry
75%
Szwecja
70%
Rumunia
68%
Nie znaleziono quizów pasujących do podanych kryteriów
Rozkład punktacji
Procent ludzi z każdym wynikiem
Percentyl według liczby udzielonych odpowiedzi
Twoja historia wyników
Nie rozwiązałeś tego quizu